|
|
|
|
| LEADER |
00923nam a2200241 a 4500 |
| 001 |
14854 |
| 003 |
BD-DhAAL |
| 008 |
100520s2000 ohua b 001 0 eng d |
| 999 |
|
|
|c 8659
|d 8659
|
| 010 |
|
|
|a 99028301
|
| 020 |
|
|
|a 032401337X (pbk.)
|
| 040 |
|
|
|a DLC
|c DLC
|d DLC
|d BD-DhAAL
|
| 082 |
0 |
0 |
|a 658
|2 21
|
| 100 |
1 |
|
|a Lussier, Robert N.
|9 40116
|
| 245 |
1 |
0 |
|a Management fundamentals :
|b concepts, applications, skill development /
|c Robert N. Lussier.
|
| 260 |
|
|
|a [Cincinnati, Ohio] :
|b South Western College,
|c c2000.
|
| 300 |
|
|
|a xxiii, 606 pages :
|b color illustrations ;
|c 26 cm.
|
| 504 |
|
|
|a Includes bibliographical references and index.
|
| 541 |
1 |
|
|e 00014854
|
| 650 |
|
0 |
|a Management.
|9 40117
|
| 852 |
4 |
|
|a Ayesha Abed Library
|j General Stacks
|
| 942 |
|
|
|2 ddc
|c BK
|
| 952 |
|
|
|0 0
|1 0
|2 ddc
|4 0
|6 658_LUS_200000000000000
|7 0
|9 10398
|a BRACUL
|b BRACUL
|c GEN
|d 2010-05-20
|l 9
|m 20
|o 658 LUS
|p 3010014854
|r 2022-08-07
|s 2022-07-29
|t 1
|w 2010-05-20
|y BK
|